| 000 | 01504cad a22002895a 4500 | ||
|---|---|---|---|
| 001 | L141633 | ||
| 002 | ##6379 | ||
| 008 | 010814s2007 xxk f 000 0 eng u | ||
| 020 | _a9781842190739 | ||
| 035 | _a(Sirsi) u141633 | ||
| 041 | 0 | _aeng | |
| 050 | 0 | 4 | _a692.2 $2 18 |
| 110 | 2 |
_aRoyal Institution of Chartered Surveyors _94900 |
|
| 245 | 0 | 0 |
_aParty wall legislation and procedure _bRICS guidance note _h[electronic resource] |
| 250 | _a5th rev. ed. | ||
| 260 |
_aLondon _bRICS _c2007 |
||
| 490 | 0 | _aRICS Guidance Note | |
| 520 | _aProvides guidance for those working in circumstances where the Party Wall, Etc. Act 1996 applies, including the procedures to be followed. Discusses the Act itself, advising clients on the application of the Act, the service of notices, accepting appointments, powers and duties of appointed surveyors, surveyors' role in preparing primary awards, surveyors' role subsequent to publication of primary award, and challenges to surveyors' decisions. Relevant precedents and a specimen schedule of condition are also presented. Further reading. | ||
| 520 | _aSupersedes fifth edition (ISBN 1842190733). | ||
| 521 | 2 | _aAdvanced | |
| 590 | _aKA | ||
| 650 | 2 | 4 | _aPARTY WALL ETC ACT 1996 |
| 651 | 4 |
_aEngland and Wales _y1543- |
|
| 690 | _aPROPERTY-PROPERTY MANAGEMENT-EASEMENTS-PARTY WALL SURVEYING-PARTY WALLS | ||
| 856 | 4 | 1 |
_uhttps://www.rics.org/Global/Downloads/Party_walls_G_191207.pdf _zView the guidance free of charge at www.rics.org/guidance |
| 942 | _n0 | ||
| 999 |
_c107713 _d107713 |
||